| 000 | 00591nam a2200217Ii 4500 | ||
|---|---|---|---|
| 003 | JO-AjNU | ||
| 008 | 230606s9999||||xx |||||||||||||| ||und|| | ||
| 020 | _a978-1-29202-055-6 | ||
| 040 |
_aJO-AjNU _beng _erda _cJO-AjNU |
||
| 041 | _aeng | ||
| 050 | 1 | 4 | _aQA184.L397.2014 |
| 100 | 3 |
_aLay,David , _eauthor _94367 |
|
| 245 | 0 | 0 | _aLinear Algebra and Its Application |
| 250 | _a4 ed | ||
| 264 | 3 | 1 | _aUSA:PEARSON,2014 |
| 300 | _a784p | ||
| 336 |
_atext _btxt _2rdacontent |
||
| 337 |
_aunmediated _bn _2rdamedia |
||
| 338 |
_avolume _bnc _2rdacarrier |
||
| 650 | 4 |
_a Probabilities. _94368 |
|
| 999 |
_aE2269 _c2267 _d2267 |
||